| 000 | 00649cam a2200229 i 4500 | ||
|---|---|---|---|
| 008 | |||
| 020 | _a0133485579 (pbk) | ||
| 090 |
_aHG4026 _bKEA |
||
| 100 | 1 | _aKean, Chris. | |
| 245 | 1 | 0 |
_aFinancial management principles / _cChris Keane. |
| 260 | 1 |
_aAustralia : _bEastern House, _c1996. |
|
| 300 |
_ax, 174 p. : _b ill. ; _c28 cm. |
||
| 500 | _aIncludes index. | ||
| 650 | 0 |
_aFinance _xDecision making. |
|
| 650 | 0 |
_aAccounting training _xFinance. |
|
| 907 |
_a.b10370353 _b02-03-16 _c26-02-16 |
||
| 003 | |||
| 005 | 20230123122210.0 | ||
| 040 | _cNUST | ||
| 049 | _aMAIN | ||
| 942 |
_cBOOKS _kHG4026 _mKEA |
||
| 999 |
_c129504 _d129504 |
||